LEADER 00629nab a2200145 i 4500 001 000000260701 003 CaOOAMICUS 005 20050324000000.0 008 050324n xx uu u0 0und r 013 $a1506 040 $aSeMil$bita 245 10$aFamille, Mariage et «unions de fait» :$bDocument du Conseil pontifical pour la Famille. - Titolo principale dalla copertina. 500 $a18 février 2001 (N° 2242). 773 0 $t[2001.$dParis : Bayard, 2001.$w()136430 996 $6245$aFamille, Mariage et «unions de fait» :$bDocument du Conseil pontifical pour la Famille. - Titolo principale dalla copertina.$9(OLS)http://semarc/title/355261 LEADER 00904nam a2200193 i 4500 001 000000104627 003 CaOOAMICUS 005 20011203000000.0 008 011203s1972 it u000 u lat u 013 $a76816 040 $aSeMil$bita 245 12$aI Novissimi, b) Giudizio finale e destino eterno :$b(Suppl., qq. 87-99) /$c[traduzione, introduzione e note del p. Tito S. Centi]. 300 $a388 p. 700 1 $aCenti, Tito Sante,$c.$0(OLS)http://semarc/name/481 700 0 $aTommaso : d'Aquino,$c.$0(OLS)http://semarc/name/423 773 0 $aTommaso : d'Aquino $tSomma teologica.$dFirenze : Salani, 1949-1975.$g33$w()1216 850 $aSeMil 852 $aSeMil$W1$xVenegono$y1$mSL1.V IV 33$j60936$B60936$CSeMilBibl$Z2$F45357 $8I 996 $6245$aI Novissimi, b) Giudizio finale e destino eterno :$b(Suppl., qq. 87-99)$9(OLS)http://semarc/title/151602